| 000 | 00885nam a2200229 a 4500 | ||
|---|---|---|---|
| 001 | BRCA_258 | ||
| 005 | 20190320202934.0 | ||
| 008 | 280508s1992----mx-#---###---#000-0#spa-# | ||
| 020 | _a9686815007 | ||
| 041 | _aspa | ||
| 044 | _amx | ||
| 050 | 4 |
_aF1211 _b.A88 1992 |
|
| 100 | 1 |
_aAsunción, Isidro de la _9885 |
|
| 245 | 1 | 0 |
_aItinerario a Indias _b(1673-1678) : itinerario de Fray Isidro de la Asunción, visitador de la Orden de Carmelitas Descalzos en la Nueva España _cFray Isidro de la Asunción ; paleografía, introducción y notas Jacques Hirzy. |
| 260 |
_aMéxico _bCentro de Estudios de Historia de México, CONDUMEX _c1992 |
||
| 300 |
_a131 p. _c23 cm. |
||
| 650 | 1 | 4 |
_aViajeros _xHistoria _ySiglo XVII _zMéxico _9886 |
| 650 | 1 | 4 |
_aViajes _xHistoria _ySiglo XVII _zMéxico _9887 |
| 651 | 4 |
_aMéxico _xDescripción y viajes _9103 |
|
| 700 | 1 |
_aHirzy, Jacques _9888 |
|
| 942 |
_2lcc _cB |
||
| 999 |
_c212 _d212 |
||